000 00613nam a2200229 i 4500
001 C2-0298039
003 PPAK
005 20180728080203.0
008 090526s2005 ii |||| ||||| | tam d
040 _aPPAK
_beng
_cPPAK
_erda
082 0 4 _a894.8113
_223
090 0 0 _a894.8113
_bPRA
_dG
100 0 _aPrabanjan,
_eauthor
245 1 0 _aPookkalai mithippavargal
264 1 _aChennai, India :
_bKavitha Publications ,
_c2005
300 _a191 pages ;
_c18 cm
336 _2rdacontent
_atext
337 _2rdamedia
_aunmediated
338 _2rdacarrier
_avolume
650 1 0 _aTamil fiction
942 _ddc
_cB
999 _c102386
_d102386